All Country Flags of the World - One Minute Sprint - Statistics

General Stats
  • This quiz has been taken 1,597 times
  • The average score is 22 of 196
Answer Stats
Picture Answer % Correct
United States
99%
United Kingdom
97%
Australia
94%
Canada
93%
New Zealand
91%
Russia
88%
France
86%
Italy
86%
Ireland
83%
Netherlands
83%
Ivory Coast
68%
Japan
66%
Bulgaria
65%
Hungary
63%
South Korea
63%
Brazil
58%
Bangladesh
57%
Sweden
55%
Finland
53%
Madagascar
52%
Norway
52%
Iceland
48%
Palau
48%
Denmark
46%
Greece
45%
Georgia
41%
Malta
34%
Tonga
33%
China
32%
Vietnam
29%
Dominican Republic
28%
Cameroon
22%
Kosovo
20%
Albania
19%
Myanmar
19%
Burkina Faso
18%
Cyprus
18%
Bhutan
16%
Lebanon
15%
Nepal
15%
Vatican City
13%
Switzerland
12%
Belgium
11%
Niger
10%
Gabon
9%
Israel
9%
Papua New Guinea
7%
San Marino
7%
D.R. Congo
6%
Turkey
5%
Algeria
4%
Pakistan
4%
Tunisia
4%
Mauritania
3%
Azerbaijan
2%
Comoros
2%
Libya
2%
Malaysia
2%
Germany
1%
Maldives
1%
Oman
1%
Saudi Arabia
1%
Singapore
1%
Turkmenistan
1%
Uzbekistan
1%
Afghanistan
0%
Andorra
0%
Angola
0%
Antigua and Barbuda
0%
Argentina
0%
Armenia
0%
Austria
0%
Bahamas
0%
Bahrain
0%
Barbados
0%
Belarus
0%
Belize
0%
Benin
0%
Bolivia
0%
Bosnia & Herzegovina
0%
Botswana
0%
Brunei
0%
Burundi
0%
Cambodia
0%
Cape Verde
0%
Central African Republic
0%
Chad
0%
Chile
0%
Colombia
0%
Costa Rica
0%
Croatia
0%
Cuba
0%
Czech Republic
0%
Djibouti
0%
Dominica
0%
East Timor
0%
Ecuador
0%
Egypt
0%
El Salvador
0%
Equatorial Guinea
0%
Eritrea
0%
Estonia
0%
Ethiopia
0%
Fiji
0%
F.S. of Micronesia
0%
Gambia
0%
Ghana
0%
Grenada
0%
Guatemala
0%
Guinea
0%
Guinea-Bissau
0%
Guyana
0%
Haiti
0%
Honduras
0%
India
0%
Indonesia
0%
Iran
0%
Iraq
0%
Jamaica
0%
Jordan
0%
Kazakhstan
0%
Kenya
0%
Kiribati
0%
Kuwait
0%
Kyrgyzstan
0%
Laos
0%
Latvia
0%
Lesotho
0%
Liberia
0%
Liechtenstein
0%
Lithuania
0%
Luxembourg
0%
Macedonia
0%
Malawi
0%
Mali
0%
Marshall Islands
0%
Mauritius
0%
Mexico
0%
Moldova
0%
Monaco
0%
Mongolia
0%
Montenegro
0%
Morocco
0%
Mozambique
0%
Namibia
0%
Nauru
0%
Nicaragua
0%
Nigeria
0%
North Korea
0%
Panama
0%
Paraguay
0%
Peru
0%
Philippines
0%
Poland
0%
Portugal
0%
Qatar
0%
Rep. of the Congo
0%
Romania
0%
Rwanda
0%
Samoa
0%
Sao Tome & Principe
0%
Senegal
0%
Serbia
0%
Seychelles
0%
Sierra Leone
0%
Slovakia
0%
Slovenia
0%
Solomon Islands
0%
Somalia
0%
South Africa
0%
South Sudan
0%
Spain
0%
Sri Lanka
0%
St. Kitts & Nevis
0%
St. Lucia
0%
St. Vincent and the Grenadines
0%
Sudan
0%
Suriname
0%
Swaziland
0%
Syria
0%
Taiwan
0%
Tajikistan
0%
Tanzania
0%
Thailand
0%
Togo
0%
Trinidad & Tobago
0%
Tuvalu
0%
Uganda
0%
Ukraine
0%
United Arab Emirates
0%
Uruguay
0%
Vanuatu
0%
Venezuela
0%
Yemen
0%
Zambia
0%
Zimbabwe
0%
No matching quizzes found
Score Distribution
Percent of People with Each Score
Percentile by Number Answered
Your Score History
You have not taken this quiz